LEADER 00859nam0-22003131i-450- 001 990001041310403321 005 20090112150811.0 010 $a0-85066-239-7 035 $a000104131 035 $aFED01000104131 035 $a(Aleph)000104131FED01 035 $a000104131 100 $a20001205d1983----km-y0itay50------ba 101 0 $aeng 200 1 $aCharged beam interaction with solids$fYoshi-Hiko Ohtsuki 210 $aLondon [etc.]$cTaylor & Francis$d1983 215 $avii, 248 p.$d24 cm 610 0 $aEccitazione 610 0 $aSolidi 676 $a530.41 700 1$aOhtsuki,$bYoshi-Hiko$049649 801 0$aIT$bUNINA$gRICA$2UNIMARC 901 $aBK 912 $a990001041310403321 952 $a32C-034$b12928$fFI1 952 $a32-143$b12422$fFI1 959 $aFI1 996 $aCharged beam interaction with solids$9185588 997 $aUNINA LEADER 01576nam 2200397z- 450 001 9910547688303321 005 20220219 010 $a1000132320 035 $a(CKB)5840000000005216 035 $a(oapen)https://directory.doabooks.org/handle/20.500.12854/78453 035 $a(oapen)doab78453 035 $a(EXLCZ)995840000000005216 100 $a20202202d2021 |y 0 101 0 $aeng 135 $aurmn|---annan 181 $ctxt$2rdacontent 182 $cc$2rdamedia 183 $acr$2rdacarrier 200 00$aActive Vision for Scene Understanding 210 $aKarlsruhe$cKIT Scientific Publishing$d2021 215 $a1 online resource (204 p.) 225 1 $aKarlsruhe Series on Humanoid Robotics 311 08$a3-7315-1101-0 330 $aVisual perception is one of the most important sources of information for both humans and robots. A particular challenge is the acquisition and interpretation of complex unstructured scenes. This work contributes to active vision for humanoid robots. A semantic model of the scene is created, which is extended by successively changing the robot's view in order to explore interaction possibilities of the scene. 606 $aMaths for computer scientists$2bicssc 610 $ahumanoid robots 610 $aHumanoide Robotik 610 $aRoboter 610 $arobots 610 $aRobots 615 7$aMaths for computer scientists 700 $aGrotz$b Markus$4auth$01311653 906 $aBOOK 912 $a9910547688303321 996 $aActive Vision for Scene Understanding$93030478 997 $aUNINA LEADER 02284nam0 2200529 i 450 001 CFI0130376 005 20251003044124.0 010 $a8815020284 020 $aIT$b90-7481 100 $a20171124d1988 ||||0itac50 ba 101 | $aita 102 $ait 181 1$6z01$ai $bxxxe 182 1$6z01$an 183 1$6z01$anc$2RDAcarrier 200 1 $aˆL'‰economia politica dell'integrazione europea$estati, mercati e istituzioni$fa cura di Paolo Guerrieri e Pier Carlo Padoan 210 $aBologna$cIl mulino$d\1988! 215 $a498 p.$d22 cm. 225 | $aStudi e ricerche$v250 410 0$1001CFI0001423$12001 $aStudi e ricerche$v250 606 $aPaesi della Comunità economica europea$xPolitica economica$2FIR$3CFIC047224$9E 606 $aSistema monetario europeo$2FIR$3CFIC020046$9E 676 $a330.9$9SITUAZIONI E CONDIZIONI ECONOMICHE$v12 676 $a332.494$9MONETA E POLITICA MONETARIA. Europa$v21 676 $a337.142$9$v21 676 $a339.5094$9POLITICA MACROECONOMICA. Europa$v19 676 $a339.5094$9POLITICA MACROECONOMICA. Europa$v21 686 $a4171.2$cEUROPA UNITA CEE 1968-1989$2R 686 $a430.0$cSTORIA ECONOMICA E SOCIALE 1968-1989$2R 686 $a430.5$cFINANZA CREDITO E MONETA 1968-1989$2R 696 $aSME 699 $aSistema monetario europeo$ySME 702 1$aPadoan$b, Pier Carlo$3CFIV003109 702 1$aGuerrieri$b, Paolo$f <1947- >$3CFIV050034 790 1$aPadoan$b, Pietro Carlo$3UBOV024770$zPadoan, Pier Carlo 790 1$aPadoan$b, Piercarlo$3UBOV083507$zPadoan, Pier Carlo 790 1$aPadoan$b, Pietro Carlo$3UBOV024770$zPadoan, Pier Carlo 790 1$aPadoan$b, Piercarlo$3UBOV083507$zPadoan, Pier Carlo 801 3$aIT$bIT-000000$c20171124 850 $aIT-BN0095 $aIT-NA0457 901 $bNAP BI$cSALA 1 $nLibri da 1 a 960 901 $bNAP 01$cGUERRAZZI $n$ 912 $aCFI0130376 950 0$aBiblioteca Centralizzata di Ateneo$c1 v.$d 01GUERRAZZI B 1373$e 0101 0000102485 VMA 1 v.$fA $h20091209$i20091209 977 $a 01$a BI 996 $aEconomia politica dell'integrazione europea$955749 997 $aUNISANNIO